| 000 | 005800000a22001930004500 | ||
|---|---|---|---|
| 001 | 003626 | ||
| 003 | MACL | ||
| 005 | 20150828110124.0 | ||
| 008 | 150828b xxu||||| |||| 00| 0 eng d | ||
| 040 |
_aMACL _cMACL |
||
| 041 | _aEnglish | ||
| 082 | _a700.48/DUT | ||
| 100 |
_aDutta, Devayani Mitra _97748 |
||
| 245 |
_aA Survey Of jainism And Jaina Art of Eastern India _bWith Special Emphasis On Bengal From the Earliest Period to the Thirteenth Century A.D. _cDevayani Mitra Dutta |
||
| 260 |
_aKolkata _c2004 |
||
| 350 | _a2450 | ||
| 650 |
_aArts _97749 |
||
| 942 |
_k700 _cBK _2ddc |
||
| 999 |
_c15523 _d15523 |
||